000 00254 a2200109 4500
001 194583
040 _cMagnum
240 1 0 _aBranca de Neve e os Sete Anões
_lpor
245 1 0 _aBranca de Neve e os Sete Anões
697 _aLITERATURA INFANTO
942 _cBK
999 _c194583
_d194583